00644nam a2200157 i 450000100060000000300090000600500170001500700030003200800410003511000600007624502020013626000600033830000210039871100430041985200240046245122ES-MaACL20250902095010.0t|030325s1878 sp ||||1| spa d2 aReal Sociedad Económica de Amigos del País (Jaén)10aCircular e instrucciones de la Junta directiva del Certamen Provincial de Jaen de 1878 para las juntas delegadas en los pueblos y los expositores / cReal Sociedad Económica de Amigos del País. aJaén : b[s.n.], c1878 (fImp. de Rubio y Alcázar) a31 p. ; c15 cm.2 aCertamen Provincial de Jaén (d1878) aES-MaACLjT-345-F-4